[Event "Hampshire leagues"]
[Site "?"]
[Date "1971.11.21"]
[Round "?"]
[White "Dulson, H."]
[Black "Stebbings, A."]
[Result "0-1"]
[WhiteElo "1920"]
[BlackElo "2152"]
[PlyCount "92"]
[EventDate "1971.??.??"]

1. d4 Nf6 2. c4 g6 3. Nc3 d5 4. e3 Bg7 5. Be2 O-O 6. Nf3 e6 7. O-O b6 8. Bd2
Bb7 9. Rc1 c6 10. b4 Nbd7 11. Bd3 c5 12. a3 Ne4 13. Be1 cxd4 14. exd4 Nxc3 15.
Bxc3 dxc4 16. Bxc4 Nf6 17. Ne5 Nd5 18. Bb2 Qd6 19. Qf3 Rab8 20. Qg3 Rbc8 21. f4
Ne7 22. b5 Rfd8 23. Qf2 Bd5 24. Bd3 Rxc1 25. Rxc1 Rc8 26. Rxc8+ Nxc8 27. Qc2
Ne7 28. Qc1 Bb7 29. Be2 Nf5 30. Nc6 Bxc6 31. bxc6 Bxd4+ 32. Bxd4 Nxd4 33. Bf3
Nxf3+ 34. gxf3 Qc7 35. Kg2 Kf8 36. Kg3 Ke7 37. Kg4 Kd6 38. Kg5 Qxc6 39. Qxc6+
Kxc6 40. Kf6 b5 41. Kxf7 a5 42. Kg7 b4 43. axb4 axb4 44. Kxh7 b3 45. Kxg6 b2
46. h4 b1=Q+ 0-1

[Event "Hampshire leagues"]
[Site "?"]
[Date "1971.11.30"]
[Round "?"]
[White "Stebbings, A."]
[Black "Johnson, M."]
[Result "1-0"]
[WhiteElo "2152"]
[BlackElo "2000"]
[PlyCount "63"]
[EventDate "1971.??.??"]

1. d4 d5 2. c4 c6 3. Nc3 Nf6 4. Nf3 dxc4 5. e4 b5 6. e5 Nd5 7. a4 Nxc3 8. bxc3
e6 9. Be2 Bb7 10. O-O Be7 11. Ba3 a6 12. Bxe7 Qxe7 13. Rb1 Ra7 14. Nd2 O-O 15.
Ne4 Nd7 16. f4 c5 17. Nd6 Bc6 18. axb5 axb5 19. Nxb5 Ra2 20. Bf3 Bxf3 21. Qxf3
cxd4 22. cxd4 Nb6 23. Nd6 Nd5 24. Rb7 Qd8 25. f5 c3 26. fxe6 fxe6 27. Rf7 Nf6
28. Qb7 Qxd6 29. exd6 Rxf7 30. Qc8+ Rf8 31. Qxe6+ Kh8 32. Qxa2 1-0

[Event "Hampshire leagues"]
[Site "?"]
[Date "1971.12.02"]
[Round "?"]
[White "Bower, D."]
[Black "Stebbings, A."]
[Result "0-1"]
[WhiteElo "1984"]
[BlackElo "2152"]
[PlyCount "52"]
[EventDate "1971.??.??"]

1. e4 c5 2. Nf3 Nc6 3. d3 g6 4. g3 Bg7 5. Bg2 e5 6. O-O Nge7 7. Nc3 O-O 8. Bg5
f6 9. Be3 d6 10. Nh4 Be6 11. Qd2 Qd7 12. Nd5 Bh3 13. f4 Bxg2 14. Nxe7+ Nxe7 15.
Qxg2 exf4 16. gxf4 f5 17. c4 Qe6 18. Qc2 Nc6 19. Nf3 fxe4 20. dxe4 Nb4 21. Qd2
Qxe4 22. a3 Nc2 23. Rae1 Nxe1 24. Nxe1 Bxb2 25. Qxb2 Qxe3+ 26. Kg2 Qe4+ 0-1

[Event "London league"]
[Site "?"]
[Date "1972.01.12"]
[Round "?"]
[White "Milnes, A."]
[Black "Stebbings, A."]
[Result "1/2-1/2"]
[WhiteElo "2096"]
[BlackElo "2152"]
[PlyCount "62"]
[EventDate "1972.??.??"]

1. e4 c5 2. f4 Nf6 3. Nc3 d5 4. e5 Nfd7 5. Nxd5 Nxe5 6. fxe5 Qxd5 7. Bb5+ Nd7
8. Nf3 a6 9. Bxd7+ Bxd7 10. O-O Bc6 11. d3 h6 12. c4 Qd7 13. Be3 e6 14. Qe2 Be7
15. Rad1 Qc7 16. Qf2 O-O 17. Qg3 Kh7 18. d4 cxd4 19. Nxd4 Be4 20. Rd2 Qxc4 21.
Rdf2 Bg6 22. h4 Rad8 23. b3 Qd3 24. Rd2 Qe4 25. Rf4 Qxe5 26. Qf2 Qh5 27. Nf3
Rxd2 28. Bxd2 Bc5 29. Be3 Rc8 30. g4 Bxe3 31. Qxe3 Qc5 1/2-1/2

[Event "National Club ch."]
[Site "?"]
[Date "1972.01.15"]
[Round "?"]
[White "Stebbings, A."]
[Black "Brigden, M."]
[Result "1-0"]
[WhiteElo "2152"]
[BlackElo "2152"]
[PlyCount "80"]
[EventDate "1972.??.??"]

1. d4 Nf6 2. c4 e6 3. Nc3 d5 4. cxd5 exd5 5. Bg5 Nbd7 6. e3 Bb4 7. a3 Bxc3+ 8.
bxc3 c5 9. f3 Qa5 10. Qd2 h6 11. Bh4 O-O 12. Bd3 cxd4 13. cxd4 Qb6 14. Ne2 Re8
15. O-O Qe6 16. Bf2 Nb6 17. Qb4 Bd7 18. a4 Bc6 19. a5 Nc8 20. Nc3 Nd6 21. Nb5
Nxb5 22. Bxb5 Bxb5 23. Qxb5 b6 24. axb6 Qxb6 25. Qxb6 axb6 26. Rxa8 Rxa8 27.
Rb1 Ra3 28. Kf1 Nd7 29. Rb5 Ra5 30. Rxa5 bxa5 31. Ke2 f5 32. Be1 a4 33. Kd3 Kf7
34. Ba5 Nb8 35. Kc2 Nc6 36. Bd2 g5 37. Kb2 f4 38. Ka3 fxe3 39. Bxe3 Na5 40.
Kxa4 Nc4 1-0

[Event "Hampshire leagues"]
[Site "?"]
[Date "1972.01.22"]
[Round "?"]
[White "Burdock, H."]
[Black "Stebbings, A."]
[Result "1/2-1/2"]
[WhiteElo "2056"]
[BlackElo "2152"]
[PlyCount "84"]
[EventDate "1972.??.??"]

1. e4 c5 2. c3 Nf6 3. e5 Nd5 4. d4 cxd4 5. cxd4 Nc6 6. Nc3 Nxc3 7. bxc3 d6 8.
exd6 e6 9. Nf3 Bxd6 10. Bd3 Qa5 11. Bd2 e5 12. O-O O-O 13. Ng5 h6 14. Ne4 Be7
15. c4 Qd8 16. d5 Nb4 17. Bxb4 Bxb4 18. Qb3 Qe7 19. a3 Bd6 20. Nxd6 Qxd6 21.
Qb4 Rd8 22. Qxd6 Rxd6 23. Rfe1 f6 24. f4 exf4 25. c5 Rd8 26. Bc4 Kf8 27. d6 Bd7
28. Re7 Be8 29. Rxb7 Rac8 30. Be6 Rxc5 31. d7 Bf7 32. Bxf7 Kxf7 33. Rxa7 Rd5
34. a4 R8xd7 35. Rxd7+ Rxd7 36. a5 Ra7 37. Kf2 Ke6 38. Kf3 Kf5 39. a6 g5 40.
Ra5+ Kg6 41. h3 f5 42. Ra4 Kf6 1/2-1/2

[Event "County match"]
[Site "?"]
[Date "1972.01.29"]
[Round "?"]
[White "Hester, D."]
[Black "Stebbings, A."]
[Result "1-0"]
[WhiteElo "2040"]
[BlackElo "2152"]
[PlyCount "75"]
[EventDate "1972.??.??"]

1. d4 Nf6 2. c4 g6 3. Nc3 d5 4. Bf4 Bg7 5. e3 O-O 6. Qb3 c6 7. h3 e6 8. Nf3 b6
9. cxd5 exd5 10. Be2 Bb7 11. O-O Nbd7 12. Rfd1 Rc8 13. Qa3 a5 14. Rac1 Ne4 15.
Nxe4 dxe4 16. Nd2 Nf6 17. Be5 Re8 18. Qb3 Nd5 19. Nxe4 f6 20. Nd6 fxe5 21. Nxb7
Qd7 22. Bg4 Qxb7 23. Bxc8 Rxc8 24. e4 a4 25. Qxa4 Nf4 26. Qc4+ Qf7 27. d5 Rf8
28. dxc6 Qxc4 29. Rxc4 Ne2+ 30. Kf1 Nd4 31. c7 Rc8 32. f4 b5 33. Rc5 exf4 34.
e5 Ne6 35. Rd7 Nxc5 36. Rd8+ Bf8 37. Rxc8 Ne6 38. Rxf8+ 1-0

[Event "Hampshire leagues"]
[Site "?"]
[Date "1972.02.12"]
[Round "?"]
[White "Chandler, E."]
[Black "Stebbings, A."]
[Result "0-1"]
[WhiteElo "1904"]
[BlackElo "2152"]
[PlyCount "60"]
[EventDate "1972.??.??"]

1. c4 Nf6 2. Nc3 e6 3. g3 d5 4. cxd5 exd5 5. d4 b6 6. Bg2 Bb7 7. Nf3 Nbd7 8.
O-O c6 9. e4 Nxe4 10. Re1 Be7 11. Nxe4 dxe4 12. Rxe4 O-O 13. Re1 Nf6 14. Ne5
Nd5 15. Bd2 f6 16. Nc4 Re8 17. Ne3 Nxe3 18. fxe3 Qd7 19. Bc3 c5 20. d5 Bd6 21.
e4 Be5 22. Qh5 Re7 23. Bh3 Qe8 24. Qxe8+ Raxe8 25. Be6+ Kh8 26. Bxe5 fxe5 27.
Rf1 Bc8 28. Bxc8 Rxc8 29. Rf5 g6 30. Raf1 gxf5 0-1

[Event "National Club ch."]
[Site "?"]
[Date "1972.02.27"]
[Round "?"]
[White "Henderson, G."]
[Black "Stebbings, A."]
[Result "1-0"]
[WhiteElo "2248"]
[BlackElo "2152"]
[PlyCount "63"]
[EventDate "1972.??.??"]

1. d4 Nf6 2. c4 g6 3. Nc3 d5 4. cxd5 Nxd5 5. g3 Bg7 6. Bg2 Nxc3 7. bxc3 c5 8.
e3 O-O 9. Ne2 Qc7 10. O-O Nc6 11. Rb1 Rd8 12. Ba3 cxd4 13. cxd4 e6 14. Qd3 b6
15. Rfc1 Bb7 16. Rc3 Qd7 17. Rbc1 Rac8 18. Qb5 Ne7 19. Rxc8 Qxb5 20. Rxd8+ Bf8
21. Bxb7 Kg7 22. Nf4 g5 23. Nh5+ Kg6 24. Rxf8 Kxh5 25. Bxe7 Qd7 26. Bf3+ g4 27.
h3 gxf3 28. g4+ Kh6 29. Bf6 Kg6 30. Be5 h5 31. Rg8+ Kh6 32. g5+ 1-0

[Event "Hampshire leagues"]
[Site "?"]
[Date "1972.03.04"]
[Round "?"]
[White "Clark, R."]
[Black "Stebbings, A."]
[Result "0-1"]
[WhiteElo "1904"]
[BlackElo "2152"]
[PlyCount "88"]
[EventDate "1972.??.??"]

1. Nf3 d5 2. g3 c6 3. Bg2 Bg4 4. d3 Nd7 5. Nbd2 e6 6. O-O Bd6 7. Re1 Ne7 8. e4
O-O 9. c3 Rc8 10. d4 Re8 11. e5 Bb8 12. Nf1 c5 13. Bg5 b5 14. h4 Qb6 15. N1h2
Bf5 16. Rc1 Nc6 17. Be3 b4 18. Bf1 bxc3 19. bxc3 Bg6 20. Bd3 Qa5 21. Bxg6 hxg6
22. Re2 cxd4 23. cxd4 Nb6 24. Rec2 Nb4 25. Rxc8 Rxc8 26. Rxc8+ Nxc8 27. Bd2 Qb6
28. Qb3 Nc6 29. Qxb6 Nxb6 30. Kf1 Bc7 31. Ke2 f6 32. Ng4 Kf7 33. Kd3 Nc4 34.
Bc3 Na3 35. Nd2 Nb5 36. Nb3 Nxc3 37. Kxc3 fxe5 38. dxe5 Nxe5 39. Nxe5+ Bxe5+
40. Kd3 Kf6 41. Nd2 g5 42. hxg5+ Kxg5 43. f4+ Bxf4 44. gxf4+ Kxf4 0-1

[Event "Hampshire leagues"]
[Site "?"]
[Date "1972.03.16"]
[Round "?"]
[White "Stebbings, A."]
[Black "Lewis, D."]
[Result "1-0"]
[WhiteElo "2152"]
[BlackElo "1888"]
[PlyCount "67"]
[EventDate "1972.??.??"]

1. d4 Nf6 2. c4 e6 3. Nc3 Bb4 4. e3 c5 5. Nge2 Nc6 6. a3 cxd4 7. exd4 Be7 8. d5
Nb8 9. d6 Bf8 10. Nb5 Na6 11. g3 Ng4 12. Bg2 f5 13. b4 Qf6 14. Rb1 g5 15. Bb2
e5 16. O-O Bg7 17. h3 Nh6 18. f4 Nf7 19. fxe5 Qg6 20. Nc1 O-O 21. Re1 f4 22. g4
Qxb1 23. Qe2 Qg6 24. Bd5 Kh8 25. Nd4 Nxe5 26. Nf5 f3 27. Qd2 f2+ 28. Kxf2 Rxf5+
29. gxf5 Qxf5+ 30. Kg2 g4 31. Qe2 gxh3+ 32. Kh1 Qg5 33. Bxe5 Qg2+ 34. Bxg2 1-0

[Event "Hampshire leagues"]
[Site "?"]
[Date "1972.03.18"]
[Round "?"]
[White "Stebbings, A."]
[Black "Cullinane, A."]
[Result "1-0"]
[WhiteElo "2152"]
[BlackElo "2016"]
[PlyCount "84"]
[EventDate "1972.??.??"]

1. d4 d5 2. c4 e6 3. Nc3 c5 4. cxd5 cxd4 5. Qa4+ Bd7 6. Qxd4 exd5 7. Qxd5 Nc6
8. Nf3 Nf6 9. Qb3 Bc5 10. e3 Qe7 11. Be2 O-O-O 12. O-O g5 13. Rd1 Rhg8 14. Qc2
g4 15. Nd4 Qe5 16. Nxc6 Bxc6 17. Rxd8+ Rxd8 18. Bd2 Bd6 19. g3 Kb8 20. Rd1 h5
21. e4 Bxe4 22. Nxe4 Qxe4 23. Qxe4 Nxe4 24. Bb4 Bc7 25. Rxd8+ Bxd8 26. f3 Bb6+
27. Kg2 gxf3+ 28. Bxf3 Nf6 29. Bc3 Ng4 30. Be2 Ne3+ 31. Kh3 Kc7 32. Bxh5 f5 33.
Bg6 Kd6 34. Kh4 Bd8+ 35. Kh5 Ke6 36. h4 Nf1 37. Be1 Bf6 38. b3 Nh2 39. Kh6 Nf3
40. Bf2 a6 41. Bh5 Nd2 42. Be2 Ne4 1-0

[Event "Tournament: Southend SCCU ch."]
[Site "?"]
[Date "1972.03.31"]
[Round "?"]
[White "DeCoverly, R."]
[Black "Stebbings, A."]
[Result "1-0"]
[WhiteElo "2032"]
[BlackElo "2152"]
[PlyCount "59"]
[EventDate "1972.??.??"]

1. e4 c5 2. Nf3 Nc6 3. d4 cxd4 4. Nxd4 g6 5. Nc3 Bg7 6. Be3 Nf6 7. Nxc6 bxc6 8.
e5 Nd5 9. Nxd5 cxd5 10. Qxd5 Rb8 11. Bc4 e6 12. Qc5 Bb7 13. Bb3 Bxg2 14. Rg1
Bf3 15. Rg3 Bh5 16. Bg5 f6 17. exf6 Bxf6 18. Kf1 Bxg5 19. Rxg5 Qf6 20. Re1 Rf8
21. Rge5 Rb6 22. Ba4 Qf3 23. Rxe6+ Kd8 24. Qg5+ Kc7 25. Qe5+ Kc8 26. Re8+ Kb7
27. Qb8+ Ka6 28. Qc8+ Ka5 29. Qc5+ Ka6 30. Qc4+ 1-0

[Event "Tournament: Southend SCCU ch."]
[Site "?"]
[Date "1972.04.01"]
[Round "?"]
[White "Stebbings, A."]
[Black "Weeramantry, S."]
[Result "0-1"]
[WhiteElo "2152"]
[BlackElo "2216"]
[PlyCount "60"]
[EventDate "1972.??.??"]

1. d4 Nf6 2. c4 g6 3. Nc3 Bg7 4. e4 d6 5. Be2 O-O 6. g4 c5 7. d5 e6 8. g5 Ne8
9. h4 exd5 10. cxd5 Nc7 11. Qd3 Nba6 12. Be3 b5 13. O-O-O c4 14. Qd2 Bd7 15.
Bd4 Bxd4 16. Qxd4 b4 17. Nb1 Nb5 18. Qf6 Qa5 19. h5 Nac7 20. Bxc4 Ne8 21. Qf3
Rc8 22. b3 Qxa2 23. Qe2 Qxb3 24. Nd2 Qc3+ 25. Kb1 Na3+ 26. Ka2 Nxc4 27. Nb3 Ba4
28. Rb1 Rc5 29. Rh3 Bxb3+ 30. Rxb3 Ra5+ 0-1

[Event "Tournament: Southend SCCU ch."]
[Site "?"]
[Date "1972.04.01"]
[Round "?"]
[White "Smith, IB."]
[Black "Stebbings, A."]
[Result "1/2-1/2"]
[WhiteElo "2024"]
[BlackElo "2152"]
[PlyCount "37"]
[EventDate "1972.??.??"]

1. e4 c5 2. d4 cxd4 3. c3 Nf6 4. e5 Nd5 5. Bc4 Qc7 6. Qe2 d3 7. Qe4 Nb6 8. Bxd3
Nc6 9. Nf3 d5 10. exd6 Qxd6 11. Bf4 Qd5 12. Nbd2 Bg4 13. O-O e6 14. Qe2 Be7 15.
Be4 Qa5 16. Bc7 O-O 17. Nc4 Qa6 18. Bd3 Bf5 19. Nce5 1/2-1/2

[Event "Tournament: Southend SCCU ch."]
[Site "?"]
[Date "1972.04.02"]
[Round "?"]
[White "Johnson, M."]
[Black "Stebbings, A."]
[Result "0-1"]
[WhiteElo "2000"]
[BlackElo "2152"]
[PlyCount "66"]
[EventDate "1972.??.??"]

1. e4 c5 2. Nc3 Nc6 3. f4 g6 4. Nf3 Bg7 5. Bb5 Nd4 6. Nxd4 cxd4 7. Ne2 e6 8.
Bc4 Ne7 9. d3 O-O 10. O-O d5 11. Bb3 dxe4 12. dxe4 Qb6 13. Kh1 Bd7 14. Bc4 Rac8
15. Bd3 Bb5 16. b3 Bxd3 17. cxd3 Rc7 18. Bb2 Rfc8 19. Rc1 Rxc1 20. Nxc1 Qc5 21.
Ne2 Qc2 22. Ba3 Bf8 23. Nxd4 Qxa2 24. Bxe7 Bxe7 25. f5 Qb2 26. fxg6 Qxd4 27.
gxf7+ Kh8 28. Qg4 Qxd3 29. Qf4 Qd6 30. e5 Qd3 31. h4 Rf8 32. h5 Bg5 33. Qf2 Qe3
0-1

[Event "Tournament: Southend SCCU ch."]
[Site "?"]
[Date "1972.04.02"]
[Round "?"]
[White "Stebbings, A."]
[Black "Wills, M."]
[Result "1-0"]
[WhiteElo "2152"]
[BlackElo "2184"]
[PlyCount "83"]
[EventDate "1972.??.??"]

1. d4 Nf6 2. c4 g6 3. Nc3 Bg7 4. e4 d6 5. f4 O-O 6. Nf3 e5 7. fxe5 dxe5 8. d5
c5 9. Bg5 Qd6 10. Qd2 a6 11. Be2 Ne8 12. Rb1 f6 13. Bh4 Bd7 14. a3 a5 15. b3 b6
16. O-O Na6 17. Ne1 Rf7 18. Nd3 Qf8 19. Bf2 Nd6 20. Ne1 f5 21. Bd3 Bh6 22. Qe2
f4 23. Na2 g5 24. Kh1 g4 25. Bg1 Nc7 26. Nc3 Bg5 27. b4 axb4 28. axb4 Ra3 29.
Qb2 cxb4 30. Qxb4 Rxc3 31. Qxc3 f3 32. Qb2 Bh4 33. g3 Bd8 34. Bxb6 f2 35. Rxf2
Rxf2 36. Qxf2 Qh6 37. c5 Nf7 38. Bxc7 Bxc7 39. Rb7 Ng5 40. Rxc7 Nh3 41. Qf1 Qe3
42. Rxd7 1-0

[Event "Tournament: Southend SCCU ch."]
[Site "?"]
[Date "1972.04.02"]
[Round "?"]
[White "Stebbings, A."]
[Black "Walker, J."]
[Result "0-1"]
[WhiteElo "2152"]
[BlackElo "2128"]
[PlyCount "72"]
[EventDate "1972.??.??"]

1. d4 Nf6 2. c4 c5 3. d5 a6 4. Nc3 b5 5. cxb5 axb5 6. Nxb5 e6 7. Nc3 exd5 8.
Nxd5 Bb7 9. e4 Nxe4 10. Bc4 Qa5+ 11. Kf1 Nc6 12. Bf4 O-O-O 13. Bc7 Qd2 14. Ne2
Qxd1+ 15. Rxd1 Re8 16. f3 Nd6 17. Bxd6 Bxd6 18. Nb6+ Kc7 19. Bxf7 Kxb6 20. Bxe8
Rxe8 21. Rxd6 Ba6 22. Kf2 Rxe2+ 23. Kg3 Bc8 24. Rb1 Kc7 25. Rd5 d6 26. a3 Be6
27. Rh5 h6 28. b4 c4 29. b5 Nd4 30. b6+ Kb7 31. Ra5 Nb3 32. Ra7+ Kxb6 33. Rxg7
c3 34. Rd1 c2 35. Rxd6+ Kc5 36. Rd8 Nd4 0-1

[Event "Universities Team ch."]
[Site "London"]
[Date "1972.04.10"]
[Round "?"]
[White "Myers, E."]
[Black "Stebbings, A."]
[Result "1/2-1/2"]
[WhiteElo "1904"]
[BlackElo "2152"]
[PlyCount "24"]
[EventDate "1972.??.??"]

1. d4 Nf6 2. Nc3 d5 3. Bg5 Bf5 4. f3 c5 5. Bxf6 exf6 6. e4 dxe4 7. fxe4 cxd4 8.
exf5 dxc3 9. Qxd8+ Kxd8 10. O-O-O+ Kc7 11. Bc4 cxb2+ 12. Kxb2 Bc5 1/2-1/2

[Event "Universities Team ch."]
[Site "London"]
[Date "1972.04.11"]
[Round "?"]
[White "Keene, N."]
[Black "Stebbings, A."]
[Result "1/2-1/2"]
[WhiteElo "1976"]
[BlackElo "2152"]
[PlyCount "61"]
[EventDate "1972.??.??"]

1. e4 c5 2. c3 Nf6 3. e5 Nd5 4. d4 cxd4 5. Qxd4 e6 6. Nf3 Nc6 7. Qe4 f5 8. Qe2
Qc7 9. g3 d6 10. c4 Nb6 11. Bf4 dxe5 12. Bxe5 Nxe5 13. Nxe5 Bd6 14. Qh5+ g6 15.
Nxg6 Qf7 16. Nf4 Bxf4 17. Qxf7+ Kxf7 18. gxf4 Rg8 19. Be2 Bd7 20. Nd2 Bc6 21.
Rf1 Rg2 22. h4 Kf6 23. b3 Rh2 24. Nf3 Rh3 25. Ne5 Rd8 26. Nxc6 bxc6 27. h5 Rh4
28. Rd1 Rxd1+ 29. Bxd1 Rxf4 30. Rg1 Rh4 31. Bf3 1/2-1/2

[Event "Universities Team ch."]
[Site "London"]
[Date "1972.04.12"]
[Round "?"]
[White "Stebbings, A."]
[Black "Kennaugh, C."]
[Result "1-0"]
[WhiteElo "2152"]
[BlackElo "2000"]
[PlyCount "83"]
[EventDate "1972.??.??"]

1. d4 d5 2. c4 Bf5 3. Nc3 e6 4. Nf3 Nc6 5. cxd5 exd5 6. a3 Nf6 7. Bg5 Be7 8. e3
Ne4 9. Bxe7 Nxe7 10. Qb3 O-O 11. Be2 c5 12. dxc5 Nxc5 13. Qd1 Qb6 14. b4 Qf6
15. Rc1 Ne4 16. Nxd5 Nxd5 17. Qxd5 Qb2 18. O-O Bg6 19. Bc4 Rad8 20. Qxb7 Nxf2
21. Qxa7 Be4 22. Rce1 Bxf3 23. Rxf2 Rd2 24. Ref1 Ba8 25. Bxf7+ Kh8 26. Qe7 Rc8
27. Qd7 Rxd7 28. Rxb2 Rd3 29. a4 Rxe3 30. Ra1 Be4 31. b5 Bc2 32. Rc1 Re2 33.
Bb3 Rxg2+ 34. Kxg2 Be4+ 35. Kg3 Rxc1 36. Re2 Rc3+ 37. Kf4 Bg6 38. Re3 Rc1 39.
b6 Rf1+ 40. Ke5 Rf8 41. Kd6 Rf4 42. b7 1-0

[Event "Hampshire leagues"]
[Site "?"]
[Date "1972.05.13"]
[Round "?"]
[White "Stebbings, A."]
[Black "Willey, R."]
[Result "1-0"]
[WhiteElo "2136"]
[BlackElo "1864"]
[PlyCount "84"]
[EventDate "1972.??.??"]

1. e4 c6 2. d4 d5 3. exd5 cxd5 4. c4 Nf6 5. Nc3 e6 6. Nf3 Be7 7. cxd5 Nxd5 8.
Bc4 Nf6 9. O-O Nc6 10. Qe2 O-O 11. Rd1 Nb4 12. Ne5 Nbd5 13. Nxd5 Nxd5 14. Rd3
Bg5 15. Rg3 Bxc1 16. Rxc1 Nf6 17. Rd1 Qe7 18. Qe3 Nd5 19. Qe4 Qd6 20. Qh4 f5
21. Qg5 Qe7 22. Bxd5 Qxg5 23. Rxg5 exd5 24. Rc1 Rf6 25. Rc7 g6 26. h4 f4 27. h5
Bf5 28. hxg6 hxg6 29. Rxb7 a6 30. g3 fxg3 31. Rxg3 Rc8 32. Rc3 Rxc3 33. bxc3
Rd6 34. a4 Rd8 35. a5 Rc8 36. Rb6 Rxc3 37. Nxg6 Bxg6 38. Rxg6+ Kf7 39. Rd6 Rc4
40. Rxd5 Ke6 41. Rh5 Rxd4 42. Rh6+ Kd5 1-0

[Event "Hampshire leagues"]
[Site "?"]
[Date "1972.05.20"]
[Round "?"]
[White "Stebbings, A."]
[Black "Merrett, P."]
[Result "0-1"]
[WhiteElo "2136"]
[BlackElo "2000"]
[PlyCount "50"]
[EventDate "1972.??.??"]

1. e4 e6 2. d4 d5 3. Nc3 Bb4 4. e5 c5 5. Qg4 Ne7 6. dxc5 d4 7. a3 Bxc3+ 8. bxc3
Qa5 9. Ne2 Nbc6 10. Bd2 dxc3 11. Bxc3 Qxc5 12. Qxg7 Rg8 13. Qxh7 Bd7 14. Qe4
Nd5 15. Bd2 O-O-O 16. f4 f5 17. Qd3 Be8 18. Qb3 Bh5 19. Rb1 Rd7 20. c4 Bxe2 21.
cxd5 Nd4 22. Qa4 Qxd5 23. Be3 Bxf1 24. Rxf1 Rxg2 25. Rd1 Re2# 0-1

[Event "Tournament: Chelmsford Open"]
[Site "?"]
[Date "1972.09.29"]
[Round "?"]
[White "Stebbings, A."]
[Black "Evans, R."]
[Result "1-0"]
[WhiteElo "2136"]
[BlackElo "1744"]
[PlyCount "61"]
[EventDate "1972.??.??"]

1. e4 c5 2. Nf3 d6 3. d4 cxd4 4. Nxd4 Nf6 5. Nc3 a6 6. Be3 e6 7. f4 Be7 8. Qf3
Nc6 9. O-O-O Qc7 10. g4 b5 11. g5 Nd7 12. Nb3 Bb7 13. h4 Rc8 14. Rd2 Nb6 15. h5
b4 16. Nd1 a5 17. Kb1 a4 18. Nc1 Na5 19. g6 Nbc4 20. gxf7+ Kxf7 21. Rg2 Bf6 22.
f5 Nxe3 23. fxe6+ Ke7 24. Nxe3 b3 25. h6 bxa2+ 26. Nxa2 g6 27. Rf2 Rhf8 28. Nb4
Kxe6 29. Bh3+ Ke5 30. Nd3+ Kd4 31. c3+ 1-0

[Event "Tournament: Chelmsford Open"]
[Site "?"]
[Date "1972.09.30"]
[Round "?"]
[White "Stewart, N."]
[Black "Stebbings, A."]
[Result "0-1"]
[WhiteElo "1832"]
[BlackElo "2136"]
[PlyCount "96"]
[EventDate "1972.??.??"]

1. d4 Nf6 2. c4 g6 3. Nc3 d5 4. e3 Bg7 5. Bd2 O-O 6. Nf3 c5 7. Be2 cxd4 8. exd4
Nc6 9. h3 dxc4 10. Be3 Na5 11. O-O Nd5 12. Nxd5 Qxd5 13. Rc1 b5 14. b3 Bb7 15.
Qd2 Qd8 16. bxc4 Nxc4 17. Qb4 Qd6 18. Qxd6 exd6 19. Bxc4 bxc4 20. Rxc4 Ba6 21.
Rc6 Bxf1 22. Kxf1 Rfd8 23. Bf4 d5 24. Rc5 Rac8 25. Ra5 Rd7 26. Ne5 Bxe5 27.
Bxe5 Rc6 28. g4 f6 29. Bf4 Kf7 30. Kg2 Ke6 31. Ra3 Rb7 32. Re3+ Kf7 33. Re2 Rb4
34. Rd2 Rcc4 35. Bd6 Rb1 36. Bc5 Rcc1 37. Re2 Re1 38. Rc2 Rec1 39. Re2 Re1 40.
Rc2 a6 41. a3 Rec1 42. Re2 Re1 43. Rxe1 Rxe1 44. Kf3 Ke6 45. Bb4 Re4 46. Bc5 f5
47. gxf5+ Kxf5 48. Kg3 Ke6 0-1

[Event "Tournament: Chelmsford Open"]
[Site "?"]
[Date "1972.09.30"]
[Round "?"]
[White "Stebbings, A."]
[Black "Foster, J."]
[Result "1-0"]
[WhiteElo "2136"]
[BlackElo "2120"]
[PlyCount "85"]
[EventDate "1972.??.??"]

1. e4 c5 2. Nf3 d6 3. d4 cxd4 4. Nxd4 Nf6 5. Nc3 a6 6. Be3 e5 7. Nb3 Be6 8. Qd2
Nbd7 9. O-O-O Qc7 10. f3 b5 11. g4 Nb6 12. g5 Nfd7 13. Kb1 Be7 14. h4 Rc8 15.
h5 Nc4 16. Bxc4 bxc4 17. Nc1 Qa5 18. N1e2 Rb8 19. Ka1 Qb4 20. Rb1 f5 21. exf5
Bxf5 22. f4 Be6 23. fxe5 dxe5 24. Ng3 Rf8 25. Nge4 Bf5 26. Qd5 g6 27. hxg6 Bxg6
28. a3 Qb7 29. Nd6+ Bxd6 30. Qxd6 Bxc2 31. Nd5 Rf7 32. g6 Bxg6 33. Bg5 c3 34.
Nc7+ Qxc7 35. Qxc7 Bxb1 36. Rxb1 Rf5 37. Bh4 Rh5 38. Be1 cxb2+ 39. Rxb2 Rxb2
40. Kxb2 e4 41. Qc8+ Ke7 42. Bb4+ Ke6 43. Qe8+ 1-0

[Event "Tournament: Chelmsford Open"]
[Site "?"]
[Date "1972.09.30"]
[Round "?"]
[White "Stone, D."]
[Black "Stebbings, A."]
[Result "0-1"]
[WhiteElo "2016"]
[BlackElo "2136"]
[PlyCount "60"]
[EventDate "1972.??.??"]

1. e4 c5 2. d4 cxd4 3. Nf3 e6 4. c3 dxc3 5. Nxc3 Nc6 6. Bc4 d6 7. O-O Nge7 8.
Bg5 a6 9. Qe2 h6 10. Bh4 g5 11. Bg3 e5 12. Rfd1 Ng6 13. Nd5 Be6 14. Rac1 Rc8
15. b4 h5 16. h3 g4 17. hxg4 hxg4 18. Nh2 Nd4 19. Rxd4 exd4 20. Nxg4 Bg7 21. f4
b5 22. f5 Rxc4 23. Rxc4 bxc4 24. fxg6 fxg6 25. Qxc4 Bxg4 26. Qc6+ Qd7 27. Nc7+
Kf7 28. Qd5+ Be6 29. Qb7 Be5 30. Bxe5 dxe5 0-1

[Event "Tournament: Chelmsford Open"]
[Site "?"]
[Date "1972.10.01"]
[Round "?"]
[White "Holloway, N."]
[Black "Stebbings, A."]
[Result "1-0"]
[WhiteElo "2264"]
[BlackElo "2136"]
[PlyCount "73"]
[EventDate "1972.??.??"]

1. d4 Nf6 2. Nf3 g6 3. g3 Bg7 4. Bg2 O-O 5. O-O d5 6. c3 Nbd7 7. Qb3 c5 8. Bf4
Qb6 9. Nbd2 Qxb3 10. axb3 b6 11. Ne5 Bb7 12. Rfc1 Rfc8 13. Bh3 e6 14. Bg2 cxd4
15. cxd4 a6 16. Ndc4 Bf8 17. Nxd7 Nxd7 18. Nd6 Bxd6 19. Bxd6 f5 20. Rc3 Nf6 21.
f3 Ne8 22. Be5 Kf7 23. Rac1 Ke7 24. Kf2 Kd7 25. Ke3 Rc6 26. h4 h6 27. Bf4 h5
28. Be5 Nd6 29. Bxd6 Kxd6 30. Kf4 Rxc3 31. Rxc3 Bc6 32. Kg5 Be8 33. Kf6 Kd7 34.
f4 a5 35. Re3 a4 36. Rxe6 axb3 37. Bxd5 1-0

[Event "Tournament: Chelmsford Open"]
[Site "?"]
[Date "1972.10.01"]
[Round "?"]
[White "Stebbings, A."]
[Black "Wright, DM."]
[Result "1/2-1/2"]
[WhiteElo "2136"]
[BlackElo "1992"]
[PlyCount "54"]
[EventDate "1972.??.??"]

1. e4 e6 2. d4 d5 3. Nc3 Nf6 4. Bg5 Bb4 5. e5 h6 6. Be3 Ne4 7. Qg4 Kf8 8. Bd3
Nxc3 9. a3 Na2+ 10. Kf1 b6 11. Rxa2 Be7 12. h4 Ba6 13. Bxa6 Nxa6 14. Rh3 c5 15.
Rg3 g6 16. h5 g5 17. f4 cxd4 18. Bxd4 Nc5 19. Bxc5 bxc5 20. f5 exf5 21. Qxf5
Qc8 22. Qxc8+ Rxc8 23. Rb3 Rc7 24. Ra1 Kg7 25. Rd1 d4 26. Nf3 f5 27. exf6+ Bxf6
1/2-1/2

[Event "London league"]
[Site "?"]
[Date "1972.10.03"]
[Round "?"]
[White "Linton, W."]
[Black "Stebbings, A."]
[Result "1/2-1/2"]
[WhiteElo "2160"]
[BlackElo "2136"]
[PlyCount "60"]
[EventDate "1972.??.??"]

1. e4 c5 2. Nf3 e6 3. d4 cxd4 4. Nxd4 a6 5. Bd3 Nc6 6. Be3 Nf6 7. Nc3 Qc7 8.
O-O Bd6 9. h3 Bf4 10. Qf3 Bxe3 11. Qxe3 d6 12. a4 O-O 13. Nxc6 bxc6 14. f4 a5
15. Qg3 Qb6+ 16. Kh1 Qxb2 17. e5 g6 18. Ne2 Nh5 19. Qf3 Qb8 20. Qxc6 dxe5 21.
fxe5 Bb7 22. Qb5 Ba6 23. Qxb8 Rfxb8 24. Rfb1 Bxd3 25. cxd3 Kf8 26. Kg1 Ke7 27.
Kf2 Ng7 28. Nd4 Kd7 29. Nb5 Nf5 30. Rc1 Rc8 1/2-1/2

[Event "County match"]
[Site "?"]
[Date "1972.10.07"]
[Round "?"]
[White "Stebbings, A."]
[Black "Lea, E."]
[Result "1-0"]
[WhiteElo "2136"]
[BlackElo "1968"]
[PlyCount "67"]
[EventDate "1972.??.??"]

1. e4 c5 2. Nf3 d6 3. d4 cxd4 4. Nxd4 Nf6 5. Nc3 a6 6. Be3 b5 7. f3 Bb7 8. Qd2
e6 9. O-O-O Qc7 10. g4 Nc6 11. g5 Nd7 12. h4 Na5 13. h5 O-O-O 14. Ndxb5 axb5
15. Nxb5 Nc4 16. Qc3 Qa5 17. Qxc4+ Kb8 18. b4 d5 19. bxa5 dxc4 20. Bb6 Bc6 21.
Bxd8 Bxb5 22. Bxc4 Ba3+ 23. Kb1 Bc6 24. Bb6 Kb7 25. Bd4 Rb8 26. Bxg7 Nc5 27.
Rhg1 Ka8+ 28. Bb3 Rb5 29. Bb2 Bb4 30. Rd8+ Kb7 31. Rf8 Rxa5 32. Rxf7+ Kb6 33.
Rxh7 Na4 34. g6 1-0